banner koha

Utilizacao do filme aerochrome do tipo 2443 para identificacao e avaliacao de areas ocupadas com trigo [sensoriamento remoto, Triticum aestivum, Brasil] (Registro n. 316252)

MARC details
000 -LÍDER
campo de controle de tamanho fixo 01432naa a22003977a 4500
001 - NÚMERO DE CONTROLE
campo de controle BR8305496
003 - IDENTIFICADOR DO NÚMERO DE CONTROLE
campo de controle BR-BrBNA
005 - DATA E HORÁRIO DA ÚLTIMA TRANSAÇÃO
campo de controle 20240918175338.0
007 - CAMPO FIXO DE DESCRIÇÃO FÍSICA--INFORMAÇÃO GERAL
campo de controle de tamanho fixo ta
008 - CAMPO DE DADOS FIXOS--INFORMAÇÃO GERAL
campo de controle de tamanho fixo 230509b bl.||||| |||| 00| 0 por d
040 ## - FONTE DA CATALOGAÇÃO
Instituição da catalogação original BR-BrBNA
Idioma da catalogação por
Instituição que transcreveu o registro Biblioteca Nacional de Agricultura
041 ## - CÓDIGO DE IDIOMA
Código do idioma do texto/trilha sonora ou título diferente (Pt)
072 ## - CÓDIGO DE CATEGORIA DE ASSUNTO
Código de Categoria de Assunto F00
Código do objeto 0180
-- G514
090 ## - NÚMERO DE CHAMADA LOCAL
Número de chamada F00 BR8305496
100 1# - ENTRADA PRINCIPAL--NOME PESSOAL
Nome pessoal Mendonca, F.J.
100 1# - ENTRADA PRINCIPAL--NOME PESSOAL
Nome pessoal Lima, A.M. de
100 1# - ENTRADA PRINCIPAL--NOME PESSOAL
Nome pessoal Tardin, A.T.
100 1# - ENTRADA PRINCIPAL--NOME PESSOAL
Nome pessoal Santos, A.P. dos
100 1# - ENTRADA PRINCIPAL--NOME PESSOAL
Nome pessoal Cottrell, D.A.
100 1# - ENTRADA PRINCIPAL--NOME PESSOAL
Nome pessoal Lee, D.C.L.
100 1# - ENTRADA PRINCIPAL--NOME PESSOAL
Nome pessoal Maia, F.C.S.
100 1# - ENTRADA PRINCIPAL--NOME PESSOAL
Nome pessoal Lucht, L.A.M.
100 1# - ENTRADA PRINCIPAL--NOME PESSOAL
Nome pessoal Moreira, M.A.
100 1# - ENTRADA PRINCIPAL--NOME PESSOAL
Nome pessoal Novaes, R.A.
100 1# - ENTRADA PRINCIPAL--NOME PESSOAL
Nome pessoal Shimabukuro, Y.E.
111 1# - ENTRADA PRINCIPAL--NOME DO EVENTO
Nome do evento ou lugar 11. Congresso Brasileiro de Engenharia Agricola
Local do evento Brasilia, DF (Brazil)
Data do evento ou assinatura do tratado 22-27 Jun 1981
245 1# - TÍTULO
Título Utilizacao do filme aerochrome do tipo 2443 para identificacao e avaliacao de areas ocupadas com trigo [sensoriamento remoto, Triticum aestivum, Brasil]
260 3# - PUBLICAÇÃO, DISTRIBUIÇÃO, ETC.
Local de publicação, distribuição, etc. Brasilia, DF (Brasil):
Data da publicação, distribuição, etc. 1983.
500 ## - NOTA GERAL
Nota geral Anais do 11. Congresso Brasileiro de Engenharia Agricola, v. 2<br/>Brasilia, DF (Brasil): 1983. p. 629-633<br/>(BR8305496-AM)F00<br/>
650 ## - ASSUNTO--TERMO TÓPICO
Cabeçalho tópico ou nome geográfico PRODUCAO VEGETAL
650 ## - ASSUNTO--TERMO TÓPICO
Cabeçalho tópico ou nome geográfico TRIGO
650 ## - ASSUNTO--TERMO TÓPICO
Cabeçalho tópico ou nome geográfico SENSORIAMENTO REMOTO
773 0# - ENTRADA ANALÍTICA
Título Anais do 11. Congresso Brasileiro de Engenharia Agricola, v. 2
Número de controle do registro F00 BR8305496
Partes relacionadas Brasilia, DF (Brasil), 1983. p. 629-633
909 ## -
-- 202404
-- Lucia
-- 55
-- Lucia Elande
942 ## - ELEMENTOS DE ENTRADA ADICIONADOS (KOHA)
Tipo de material Koha Capítulo-Livro
Fonte da classificação ou esquema de arquivamento na estante Classificação AGRIS
Exemplares
Situação do descarte Fonte da classificação ou esquema de arquivamento na estante Situação física Não pode ser emprestado Coleção Biblioteca de origem Biblioteca atual Localização na estante Total de empréstimos Número de telefone completo Data de último acesso Número do exemplar Tipo de material Koha Situação das perdas Data de aquisição Fonte de aquisição
  Classificação AGRIS       Biblioteca Nacional de Agricultura - Binagri Biblioteca Nacional de Agricultura - Binagri Agrobase - Acervo Geral   5300 BR2017002861 20/05/2024 01 Capítulo-Livro   2024-04-11 Portaria Interministerial nº 164/94

BINAGRI

Telefone: (61)3218-2567/2388/3357/2097 - binagri@agro.gov.br

Ministério da Agricultura e Pecuária , Esplanada dos Ministérios, Bloco D, Anexo B, Brasília/DF, CEP: 70.043-900